000 00316nam a22001457a 4500
008 221024b ||||| |||| 00| 0 eng d
020 _a639785300250
041 _aeng
080 _a004
082 _a004 SCHA
100 _a19.2
101 _aSHK
245 _aBEGINNING STATISTICS
_cSTEPHENS L
942 _2udc
_cBK
999 _c58659
_d58659